|
|
|
|
| LEADER |
00000naa2a2200000 4500 |
| 001 |
154989 |
| 005 |
20231031152146.0 |
| 035 |
|
|
|a (RuTPU)RU\TPU\book\168102
|
| 090 |
|
|
|a 154989
|
| 100 |
|
|
|a 20090310d1991 k y0rusy50 ca
|
| 101 |
0 |
|
|a rus
|
| 102 |
|
|
|a RU
|
| 200 |
1 |
|
|a Признаки потенциальной продуктивности интрузий палеозойских складчатых структур
|f А. Ф. Коробейников
|
| 320 |
|
|
|a Библиогр.: с. 50-51 (15 назв.)
|
| 463 |
|
0 |
|0 (RuTPU)RU\TPU\book\67402
|t Потенциальная рудоносность, геохимические типы и формации магматических пород
|o Сборник научных трудов
|f Сибирское отделение АН СССР, Институт геохимии им. А. П. Виноградова СО АН СССР; Под ред. Л. В. Таусона; Под ред. М. И. Кузьмина
|v С. 44-51
|d 1991
|p 175 с.
|
| 610 |
1 |
|
|a труды учёных ТПУ
|
| 700 |
|
1 |
|a Коробейников
|b А. Ф.
|c российский геолог, доктор геолого-минералогических наук
|c профессор Томского политехнического университета
|f 1934-
|g Александр Феопенович
|2 stltpush
|3 (RuTPU)RU\TPU\pers\12688
|4 070
|
| 801 |
|
1 |
|a RU
|b 63413507
|c 20090310
|g PSBO
|
| 801 |
|
2 |
|a RU
|b 63413507
|c 20091209
|g PSBO
|
| 942 |
|
|
|c BK
|